Monitorovací systém prostredia na báze ARM9

Na minha lista:
Detalhes bibliográficos
Autor principal: Bendžala, Jakub, 1986- (Author)
Outros Autores: Pohronská, Mária (Thesis advisor)
Formato: Manuscrito Livro
Idioma:eslovaco
Publicado em: Bratislava : STU v Bratislave FIIT, 2010
Assuntos:
Acesso em linha:VAIS
Tags: Adicionar Tag
Sem tags, seja o primeiro a adicionar uma tag!

MARC

LEADER 00000ntm a22000003a 4500
001 stu219444
005 20160912164724.9
008 101215s2010----xo------------------slo-d
040 |a STU  |b slo 
041 0 |a slo 
044 |a xo 
100 1 |a Bendžala, Jakub,  |d 1986-  |4 aut  |u I100  |U FIIT Fakulta informatiky a informačných technológií  |T FIIT Ústav počítačových systémov a sietí  |X 36738  |U I100  |Y 178  |7 A000036738 
242 0 0 |a ENVIRONMENTAL MONITORING WITH ARM 9 PROCESSOR  |y eng 
245 1 |a Monitorovací systém prostredia na báze ARM9 
260 |a Bratislava :  |b STU v Bratislave FIIT,  |c 2010 
300 |a 81 s 
650 7 |a počítačové systémy a siete  |2 stusub 
650 7 |a Computer Systems and Networks  |2 estusub 
650 7 |a monitorovanie  |2 stusub 
700 1 |a Pohronská, Mária  |4 ths  |u I100  |U FIIT Fakulta informatiky a informačných technológií  |T FIIT Ústav počítačových systémov a sietí  |X 30522  |U I100  |Y 178  |7 A000030522 
856 4 |a info a plný text  |u http://is.stuba.sk/zp/portal_zp.pl?podrobnosti=37055  |3 VAIS 
996 |c I*BAP18/10  |l II680  |s P  |a 0  |w stu219444_0001